[Event "Mestre Sociale-ch"]
[Site "Mestre "]
[Date "2001.03.06"]
[Round "9"]
[White "Vianello, Enrico"]
[Black "Sgaravato, Sandro"]
[Result "1-0"]
[WhiteElo "1880"]
[BlackElo "1300"]
[PlyCount "41"]
[EventDate "2001.01.15"]
[EventType "swiss"]
[EventRounds "10"]
[EventCountry "ITA"]
[SourceTitle "EXT 2005"]
[Source "ChessBase"]
[SourceDate "2004.11.15"]
[SourceVersion "1"]
[SourceVersionDate "2004.11.15"]
[SourceQuality "1"]

1. d4 d5 2. c4 e6 3. Nc3 c6 4. Nf3 Be7 5. e3 Nf6 6. Qc2 0-0 7. b3 Nbd7 8. Bd3 Qc7 9. 0-0 e5 10. cxd5 cxd5 11. dxe5 Nxe5 12. Nxe5 Qxe5 13. f4 Qc7 14. Bd2 Bd7 15. Rac1 Rac8 16. Qb1 Qb6 17. Kh1 h6 18. Bf5 Be6 19. Na4 Qb5 20. Bd3 Qd7 21. f5 1-0

[Event "Mestre Sociale-ch"]
[Site "Mestre "]
[Date "2001.??.??"]
[Round "3"]
[White "Cedriano, Filippo"]
[Black "Sgaravato, Sandro"]
[Result "0-1"]
[WhiteElo "1618"]
[BlackElo "1300"]
[PlyCount "80"]
[EventDate "2001.01.15"]
[EventType "swiss"]
[EventRounds "10"]
[EventCountry "ITA"]
[SourceTitle "EXT 2005"]
[Source "ChessBase"]
[SourceDate "2004.11.15"]
[SourceVersion "1"]
[SourceVersionDate "2004.11.15"]
[SourceQuality "1"]

1. e4 e5 2. Nf3 Nc6 3. d4 exd4 4. Bc4 Be7 5. 0-0 d6 6. Re1 Nf6 7. Nxd4 Bd7 8. Nc3 0-0 9. a3 a6 10. Bf4 Na5 11. Ba2 Nc6 12. h3 Ne5 13. Nf3 Ng6 14. Bh2 Bc6 15. e5 Bxf3 16. Qxf3 dxe5 17. Rad1 Qc8 18. Bxe5 c6 19. Bd4 c5 20. Be3 b5 21. Nd5 Nxd5 22. Bxd5 Rb8 23. Be4 Bf6 24. Bxg6 hxg6 25. c3 b4 26. cxb4 cxb4 27. Bd4 Bxd4 28. Rxd4 bxa3 29. Qxa3 Qc2 30. b4 Ra8 31. b5 Qc8 32. bxa6 Rxa6 33. Qe7 Ra8 34. Rd7 Qc4 35. Rc7 Qf4 36. Ra7 Rac8 37. Qe3 Qd6 38. Re7 Qf6 39. Qe5 Qh4 40. Qe4 Qg5 0-1

[Event "Mestre Sociale-ch"]
[Site "Mestre "]
[Date "2001.??.??"]
[Round "2"]
[White "Sgaravato, Sandro"]
[Black "Bozzao, Francesco"]
[Result "1-0"]
[WhiteElo "1300"]
[BlackElo "1570"]
[PlyCount "57"]
[EventDate "2001.01.15"]
[EventType "swiss"]
[EventRounds "10"]
[EventCountry "ITA"]
[SourceTitle "EXT 2005"]
[Source "ChessBase"]
[SourceDate "2004.11.15"]
[SourceVersion "1"]
[SourceVersionDate "2004.11.15"]
[SourceQuality "1"]

1. e4 c5 2. Bc4 e6 3. Nc3 a6 4. a4 d6 5. Nge2 Nd7 6. d3 Ngf6 7. Bg5 Be7 8. 0-0 0-0 9. f4 Nb6 10. Bb3 Ng4 11. Bxe7 Qxe7 12. Rf3 Qh4 13. h3 Nh6 14. Qf1 Kh8 15. a5 Nd7 16. d4 b6 17. Rd1 Bb7 18. axb6 c4 19. Bxc4 Nxb6 20. Bd3 f5 21. Ng3 Nd7 22. Bc4 Rf6 23. d5 exd5 24. Nxd5 Rg6 25. Qf2 Bxd5 26. Bxd5 Rb8 27. exf5 Rf6 28. Qa7 Rd8 29. Qc7 1-0

[Event "Mestre Sociale-ch"]
[Site "Mestre "]
[Date "2001.??.??"]
[Round "5"]
[White "Sgaravato, Sandro"]
[Black "Roberti, Ignazio"]
[Result "1-0"]
[WhiteElo "1300"]
[BlackElo "1751"]
[PlyCount "83"]
[EventDate "2001.01.15"]
[EventType "swiss"]
[EventRounds "10"]
[EventCountry "ITA"]
[SourceTitle "EXT 2005"]
[Source "ChessBase"]
[SourceDate "2004.11.15"]
[SourceVersion "1"]
[SourceVersionDate "2004.11.15"]
[SourceQuality "1"]

1. e4 e6 2. d4 d5 3. exd5 exd5 4. Nf3 Nf6 5. Be2 Be7 6. Bg5 Bf5 7. Nbd2 Nbd7 8. c3 h6 9. Bh4 0-0 10. 0-0 c6 11. Bg3 Re8 12. Re1 Bf8 13. Qb3 b5 14. a4 a6 15. Ne5 Nxe5 16. Bxe5 Ne4 17. Nxe4 Bxe4 18. Bf1 Bd6 19. Bxd6 Qxd6 20. axb5 axb5 21. f3 Bf5 22. Rxa8 Rxa8 23. Re5 Qf6 24. Qd1 Ra2 25. Bd3 Bxd3 26. Re8+ Kh7 27. Qxd3+ g6 28. Qb1 Ra7 29. Qe1 Kg7 30. h3 b4 31. Qg3 Ra2 32. Qb8 Rxb2 33. Rh8 Qe7 34. Rg8+ Kh7 35. Rh8+ Kg7 36. Rg8+ Kh7 37. Rh8+ Kg7 38. Rg8+ Kf6 39. Qf4+ Ke6 40. Rc8 Qg5 41. Rxc6+ Ke7 42. Rc7+ 1-0